| 000 | 00626nam a2200217 a 4500 | ||
|---|---|---|---|
| 008 | |||
| 020 | _a1881827642 ( pbk. ) | ||
| 049 |
_aMAIN _v(Book 1) _v(Book 2) |
||
| 090 | _aQH308 TO | ||
| 100 | _aTo, Y.K. | ||
| 245 | 1 | 0 |
_aBasic principles in biology : _bfor H.K.C.E.E.(Book 1) _cY.K.To. |
| 250 | _a2nd ed. (Book 1) | ||
| 260 |
_aTsuen Wan : _bHung Fung Book Co., _c1979. |
||
| 300 |
_aiv, 215 p : _bill. ; _c26 cm. |
||
| 500 | _aIncludes index. | ||
| 907 |
_a.b10122308 _b11-02-13 _c18-05-04 |
||
| 003 | |||
| 005 | 20230123134132.0 | ||
| 040 | _cNUST | ||
| 942 |
_cBOOKS _kQH308 TO |
||
| 999 |
_c160667 _d160667 |
||